Top 10 Watford Premier League Appearances - Statistics

General Stats
  • This quiz has been taken 73 times
    50 since last reset
  • The average score is 6 of 11
Answer Stats
Player Apps % Correct
Troy Deeney 165
97%
Ben Foster 131
72%
Heurelho Gomes 100
69%
José Holebas 114
63%
Craig Cathcart 153
59%
Roberto Pereyra 106
53%
Étienne Capoue 156
50%
Abdoulaye Doucouré 129
44%
Adrian Mariappa 100
41%
Kiko Femenía 107
38%
Christian Kabasele 108
28%
No matching quizzes found
Score Distribution
Percent of People with Each Score
Percentile by Number Answered
Your Score History
You have not taken this quiz since the last reset